[Event "GER-ch Youth-A"]
[Site "Willingen"]
[Date "2022.06.08"]
[Round "6"]
[White "Meiwes, Thore"]
[Black "Kardoeus, David"]
[Result "1-0"]
[WhiteElo "2079"]
[BlackElo "2142"]
[PlyCount "121"]
[EventDate "2022.06.04"]
[EventType "swiss"]
[EventRounds "9"]
[EventCountry "GER"]
[SourceTitle "CBM 208 Extra"]
[Source "ChessBase"]
[SourceDate "2022.07.31"]
[SourceVersion "1"]
[SourceVersionDate "2022.07.31"]
[SourceQuality "1"]

1. d4 Nf6 2. Bf4 d5 3. e3 c5 4. c3 Nc6 5. Nd2 e6 6. Ngf3 cxd4 7. exd4 Nh5 8. Be3 Bd6 9. Ne5 g6 10. Nd3 0-0 11. g3 f6 12. Bg2 Ng7 13. 0-0 Nf5 14. Bf4 b6 15. Re1 Bxf4 16. Nxf4 Qd6 17. Rc1 Bd7 18. Nb3 Rac8 19. c4 dxc4 20. d5 Nce7 21. Nd2 e5 22. Ne4 Qb8 23. d6 Nc6 24. Nd5 Kg7 25. Ne7 Ncd4 26. Nxc8 Rxc8 27. f4 b5 28. Nxf6 Kxf6 29. fxe5+ Ke6 30. g4 Qb6 31. gxf5+ gxf5 32. Kf1 Rg8 33. Rc3 Rg4 34. Qd2 Bc6 35. Rg3 Rxg3 36. hxg3 Bxg2+ 37. Qxg2 Nc6 38. Qe2 Qb7 39. Qf3 Qb6 40. Qe3 Qxe3 41. Rxe3 b4 42. Ke2 a5 43. Kf2 Nd4 44. Re1 a4 45. Rc1 Nc6 46. Rxc4 Nxe5 47. Rd4 Kd7 48. Ke3 Nc6 49. Rd1 Ne5 50. Kf4 Nc4 51. b3 axb3 52. axb3 Na5 53. Rd3 Nb7 54. Kxf5 Nc5 55. Rd4 Nxb3 56. Rxb4 Nc5 57. Rd4 Ne6 58. Rd1 Ng7+ 59. Kg5 Ke8 60. d7+ Kd8 61. Rd6 1-0

[Event "Oberliga Nord W 2122"]
[Site "Germany"]
[Date "2022.04.03"]
[Round "8.6"]
[White "Meiwes, Thore"]
[Black "Schuette, Marc"]
[Result "0-1"]
[WhiteElo "2080"]
[BlackElo "2101"]
[PlyCount "56"]
[EventDate "2021.10.10"]
[EventType "team-tourn"]
[EventRounds "9"]
[EventCountry "GER"]
[SourceTitle "EXT 2023"]
[Source "ChessBase"]
[SourceDate "2022.10.05"]
[SourceVersion "1"]
[SourceVersionDate "2022.10.05"]
[SourceQuality "1"]
[WhiteTeam "Lehrte"]
[BlackTeam "Oldenburg Union"]
[WhiteTeamCountry "GER"]
[BlackTeamCountry "GER"]

1. d4 d5 2. Bf4 e6 3. e3 Bd6 4. Bxd6 cxd6 5. Nf3 Qb6 6. Nbd2 Nf6 7. c4 Nc6 8. Qb3 Qxb3 9. axb3 Ke7 10. cxd5 exd5 11. Bd3 Nb4 12. Bb1 Bd7 13. Nh4 g6 14. f3 Rhc8 15. Kd1 Rc7 16. Nf1 Rac8 17. Ng3 a6 18. Kd2 h5 19. h3 Kf8 20. f4 Bb5 21. Nf3 Rc2+ 22. Bxc2 Rxc2+ 23. Kd1 Ne4 24. Rg1 Nf2+ 25. Ke1 Nfd3+ 26. Kd1 Nxb2+ 27. Ke1 N4d3+ 28. Kf1 Rf2# 0-1

[Event "Oberliga Nord W 2122"]
[Site "Germany"]
[Date "2021.10.24"]
[Round "2.5"]
[White "Meiwes, Thore"]
[Black "Happe, Reinhold"]
[Result "1-0"]
[WhiteElo "2064"]
[BlackElo "2119"]
[PlyCount "91"]
[EventDate "2021.10.10"]
[EventType "team-tourn"]
[EventRounds "9"]
[EventCountry "GER"]
[SourceTitle "EXT 2023"]
[Source "ChessBase"]
[SourceDate "2022.10.05"]
[SourceVersion "1"]
[SourceVersionDate "2022.10.05"]
[SourceQuality "1"]
[WhiteTeam "Lehrte"]
[BlackTeam "Hellern"]
[WhiteTeamCountry "GER"]
[BlackTeamCountry "GER"]

1. d4 d5 2. Bf4 c5 3. e3 Nf6 4. c3 Nc6 5. Nd2 Qb6 6. Qb3 e6 7. h3 Be7 8. Ngf3 Bd7 9. Be2 0-0 10. 0-0 Rfc8 11. Rfe1 Na5 12. Qxb6 axb6 13. Ne5 Nc6 14. Nxd7 Nxd7 15. Nf3 Bf6 16. a3 Bd8 17. Bd3 Bc7 18. Bxc7 Rxc7 19. Rad1 Nf6 20. Ne5 Nxe5 21. dxe5 Nd7 22. f4 c4 23. Bc2 b5 24. e4 Nb6 25. Rd2 Rd8 26. Red1 Rcd7 27. exd5 exd5 28. Kf2 Re7 29. Be4 Red7 30. Bf3 Na4 31. Bg4 Nc5 32. Bxd7 Ne4+ 33. Ke3 Nxd2 34. Bxb5 Nb3 35. Bxc4 d4+ 36. cxd4 Na5 37. Bd3 Nc6 38. Be4 Na5 39. Rc1 b5 40. Bd3 Nb3 41. Rd1 g6 42. Bxb5 Rc8 43. Bd3 Rb8 44. Bc4 Na5 45. b3 Kg7 46. d5 1-0

[Event "GER-chT U20"]
[Site "Willingen"]
[Date "2021.06.25"]
[Round "4"]
[White "Meiwes, Thore"]
[Black "Irkilmez, Yakub"]
[Result "1/2-1/2"]
[WhiteElo "2054"]
[BlackElo "2167"]
[PlyCount "63"]
[EventDate "2021.06.24"]
[EventType "team-swiss"]
[EventRounds "7"]
[EventCountry "GER"]
[SourceTitle "CBM 203 Extra"]
[Source "ChessBase"]
[SourceDate "2021.09.30"]
[SourceVersion "1"]
[SourceVersionDate "2021.09.30"]
[SourceQuality "1"]
[WhiteTeam "Lehrte"]
[BlackTeam "Essen Katernberg"]
[WhiteTeamCountry "GER"]
[BlackTeamCountry "GER"]

1. d4 Nf6 2. Bf4 c5 3. e3 cxd4 4. exd4 Qb6 5. Nc3 a6 6. a3 d6 7. Nf3 g6 8. Be2 Bg7 9. 0-0 0-0 10. h3 Nbd7 11. Be3 Qc7 12. Qd2 b6 13. Bh6 Bb7 14. Bxg7 Kxg7 15. Rfe1 Rad8 16. Rad1 Rfe8 17. d5 b5 18. Nh2 Nb6 19. Bf3 Nc4 20. Qc1 Ne5 21. Rd4 Nxf3+ 22. Nxf3 e6 23. Rh4 h5 24. Nd4 Nxd5 25. Rxh5 Rh8 26. Rxh8 Rxh8 27. Nd1 e5 28. Ne2 Nf6 29. Ne3 Qc6 30. c4 bxc4 31. Qxc4 d5 32. Qxc6 1/2-1/2

[Event "Niedersachsen-ch op-A"]
[Site "Verden an der Aller"]
[Date "2020.01.03"]
[Round "3"]
[White "Langer, Michael Sebastian"]
[Black "Meiwes, Thore"]
[Result "1/2-1/2"]
[WhiteElo "1922"]
[BlackElo "2106"]
[PlyCount "158"]
[EventDate "2020.01.02"]
[EventType "swiss"]
[EventRounds "7"]
[EventCountry "GER"]
[SourceTitle "EXT 2023"]
[Source "ChessBase"]
[SourceDate "2022.10.05"]
[SourceVersion "1"]
[SourceVersionDate "2022.10.05"]
[SourceQuality "1"]

1. c4 Nf6 2. Nc3 e6 3. e4 c5 4. e5 Ng8 5. d4 cxd4 6. Qxd4 Nc6 7. Qe4 d6 8. exd6 Nf6 9. d7+ Bxd7 10. Qd3 Be7 11. Bg5 Qa5 12. Nf3 0-0 13. Be2 Rfd8 14. 0-0 Be8 15. Qe3 a6 16. a3 h6 17. b4 Qf5 18. Bxf6 Bxf6 19. Rad1 Rxd1 20. Rxd1 Rd8 21. Rxd8 Bxd8 22. Ne4 Bc7 23. g3 e5 24. b5 axb5 25. cxb5 Nd4 26. Nxd4 exd4 27. Qxd4 Bxb5 28. Bxb5 Qxb5 29. Nc3 Qc6 30. Nd5 Bd6 31. a4 Kf8 32. Nb4 Qc5 33. Qxc5 Bxc5 34. Nd3 Bd4 35. Kf1 Ke7 36. Ke2 Kd6 37. f3 Kd5 38. Kd2 Kc4 39. Kc2 g6 40. h3 h5 41. g4 hxg4 42. hxg4 g5 43. Nc1 Bc3 44. Nd3 b6 45. Nf2 f6 46. Nd3 Bd4 47. Nc1 Kb4 48. Kd3 Be5 49. Kc2 Kxa4 50. Nd3 Bd4 51. f4 b5 52. fxg5 fxg5 53. Ne1 b4 54. Nf3 Be3 55. Kb2 b3 56. Ne1 Bd4+ 57. Kb1 Kb4 58. Nf3 Be3 59. Kb2 Kc4 60. Ne5+ Kb4 61. Nf3 Bf4 62. Ne1 Be5+ 63. Kb1 Kc3 64. Nf3 Bf6 65. Nd2 Be7 66. Nf3 Bd8 67. Ne1 Bf6 68. Nf3 Kd3 69. Nd2 b2 70. Nf3 Kc3 71. Ne1 Be5 72. Nf3 Bf4 73. Ne1 Bc1 74. Nf3 Bd2 75. Ne5 Kd4 76. Nf3+ Kc3 77. Ne5 Bc1 78. Nf3 Kd3 79. Nxg5 Bxg5 1/2-1/2

[Event "GER-chT U20"]
[Site "Braunschweig"]
[Date "2019.12.27"]
[Round "1.8"]
[White "Rauch, Soeren"]
[Black "Meiwes, Thore"]
[Result "1/2-1/2"]
[WhiteElo "1901"]
[BlackElo "2106"]
[PlyCount "97"]
[EventDate "2019.12.27"]
[EventType "team-swiss"]
[EventRounds "7"]
[EventCountry "GER"]
[SourceTitle "CBM 194 Extra"]
[Source "ChessBase"]
[SourceDate "2020.03.31"]
[SourceVersion "1"]
[SourceVersionDate "2020.03.31"]
[SourceQuality "1"]
[WhiteTeam "Trier SG"]
[BlackTeam "Lehrte"]
[WhiteTeamCountry "GER"]
[BlackTeamCountry "GER"]

1. d4 Nf6 2. Nf3 d5 3. Bf4 c5 4. c3 Nc6 5. e3 Qb6 6. Qb3 c4 7. Qxb6 axb6 8. Nbd2 b5 9. Be2 Bf5 10. 0-0 b4 11. Ne5 bxc3 12. bxc3 e6 13. g4 Bc2 14. Rfc1 Ba4 15. Rcb1 Ra7 16. Nxc6 Bxc6 17. a4 Be7 18. e4 0-0 19. g5 Nd7 20. exd5 exd5 21. Bf3 Rfa8 22. Re1 Bf8 23. Bg4 Rxa4 24. Rxa4 Ra7 25. Ra5 Rxa5 26. Nf3 Ra8 27. Ne5 Nxe5 28. Bxe5 Ra3 29. Rc1 b5 30. Kg2 b4 31. cxb4 Ra4 32. b5 Bxb5 33. Bd1 Rb4 34. Ra1 Bc6 35. Ra7 Bb7 36. Ra5 Rb1 37. Bc2 Rb2 38. Ra7 Be7 39. h4 f6 40. gxf6 gxf6 41. Bf4 c3 42. Bf5 Bf8 43. Be6+ Kh8 44. Bf5 Rb6 45. h5 Rb4 46. Kg3 Rb2 47. h6 c2 48. Bxc2 Rxc2 49. Rxb7 1/2-1/2

[Event "Langenhagen Summer op 1st"]
[Site "Langenhagen"]
[Date "2019.07.07"]
[Round "7"]
[White "Meiwes, Thore"]
[Black "Cording, Thomas"]
[Result "1/2-1/2"]
[WhiteElo "1911"]
[BlackElo "2081"]
[PlyCount "51"]
[EventDate "2019.07.04"]
[EventType "swiss"]
[EventRounds "7"]
[EventCountry "GER"]
[SourceTitle "EXT 2020"]
[Source "ChessBase"]
[SourceDate "2019.10.17"]
[SourceVersion "1"]
[SourceVersionDate "2019.10.17"]
[SourceQuality "1"]

1. d4 Nf6 2. Bf4 e6 3. e3 c5 4. Nd2 d5 5. c3 Bd6 6. Bg3 Qc7 7. Ngf3 Nbd7 8. Bd3 0-0 9. 0-0 e5 10. e4 exd4 11. cxd4 Bxg3 12. hxg3 dxe4 13. Nxe4 Nxe4 14. Bxe4 Nf6 15. Bd3 cxd4 16. Nxd4 Qb6 17. Nf5 Rd8 18. Qe2 Re8 19. Qc2 Be6 20. b3 Rac8 21. Qb2 Rcd8 22. Rad1 Rxd3 23. Nh6+ gxh6 24. Rxd3 Ng4 25. Rfd1 Qa5 26. f3 1/2-1/2

[Event "Langenhagen Summer op 1st"]
[Site "Langenhagen"]
[Date "2019.07.06"]
[Round "5"]
[White "Schmidt Klie, Lasse"]
[Black "Meiwes, Thore"]
[Result "0-1"]
[WhiteElo "1906"]
[BlackElo "1911"]
[PlyCount "84"]
[EventDate "2019.07.04"]
[EventType "swiss"]
[EventRounds "7"]
[EventCountry "GER"]
[SourceTitle "EXT 2020"]
[Source "ChessBase"]
[SourceDate "2019.10.17"]
[SourceVersion "1"]
[SourceVersionDate "2019.10.17"]
[SourceQuality "1"]

1. d4 Nf6 2. Nf3 d5 3. Nc3 c5 4. Bf4 a6 5. e3 cxd4 6. exd4 Nc6 7. Be2 Bg4 8. h3 Bh5 9. 0-0 e6 10. Re1 Bd6 11. Bxd6 Qxd6 12. a3 0-0 13. Qd3 Bg6 14. Qd2 h6 15. Rac1 Rfc8 16. Bf1 b5 17. Ne5 Bh7 18. Qf4 Ne7 19. g4 b4 20. axb4 Qxb4 21. Nd3 Bxd3 22. Bxd3 Qxb2 23. Na4 Qb8 24. Qe3 Qd6 25. f4 Ne4 26. Bxe4 dxe4 27. c4 Rd8 28. Red1 Ng6 29. Qxe4 Qxf4 30. Qxf4 Nxf4 31. Kh2 Ne2 32. Ra1 Rxd4 33. Rxd4 Nxd4 34. Nb6 Ra7 35. Ra5 Nb3 36. Re5 Rc7 37. Kg3 Rc6 38. Nd5 exd5 39. cxd5 Rd6 40. Re8+ Kh7 41. Ra8 Nc5 42. Ra7 f6 0-1

[Event "Langenhagen Summer op 1st"]
[Site "Langenhagen"]
[Date "2019.07.04"]
[Round "1"]
[White "Meiwes, Thore"]
[Black "Gentemann, Moritz"]
[Result "1/2-1/2"]
[WhiteElo "1911"]
[BlackElo "2177"]
[PlyCount "93"]
[EventDate "2019.07.04"]
[EventType "swiss"]
[EventRounds "7"]
[EventCountry "GER"]
[SourceTitle "EXT 2020"]
[Source "ChessBase"]
[SourceDate "2019.10.17"]
[SourceVersion "1"]
[SourceVersionDate "2019.10.17"]
[SourceQuality "1"]

1. d4 g6 2. e4 Bg7 3. Nc3 d6 4. Be3 a6 5. Qd2 b5 6. f3 Bb7 7. h4 h5 8. 0-0-0 Nd7 9. Nh3 Ngf6 10. Ng5 e6 11. Kb1 Qe7 12. Be2 Rd8 13. a3 0-0 14. g4 c5 15. gxh5 Nxh5 16. Rdg1 cxd4 17. Bxd4 Bxd4 18. Qxd4 e5 19. Qd2 Ndf6 20. Nd5 Bxd5 21. exd5 Nf4 22. Ne4 Nxe4 23. fxe4 Rc8 24. h5 g5 25. Rg3 Kh8 26. Bg4 Rc4 27. Bf5 f6 28. Qh2 a5 29. h6 b4 30. a4 Qe8 31. b3 Rc7 32. h7 Qd7 33. Qf2 Rc5 34. Qh2 Rb8 35. Rf3 Rb7 36. Rhf1 Rbc7 37. R1f2 Qg7 38. Qg1 Qf8 39. Qh2 Qg7 40. Qg1 Qf7 41. Qf1 Ra7 42. Qg1 Qh5 43. Bg4 Qe8 44. Bf5 Qh5 45. Bg4 Qe8 46. Bf5 Qh5 47. Bg4 1/2-1/2

[Event "GER-ch U25-A"]
[Site "Willingen"]
[Date "2019.06.15"]
[Round "9"]
[White "Bender, Felix"]
[Black "Meiwes, Thore"]
[Result "1/2-1/2"]
[WhiteElo "1678"]
[BlackElo "1933"]
[PlyCount "48"]
[EventDate "2019.06.08"]
[EventType "swiss"]
[EventRounds "9"]
[EventCountry "GER"]
[SourceTitle "EXT 2020"]
[Source "ChessBase"]
[SourceDate "2019.10.17"]
[SourceVersion "1"]
[SourceVersionDate "2019.10.17"]
[SourceQuality "1"]

1. e4 c5 2. Nf3 d6 3. Nc3 Nc6 4. d4 cxd4 5. Nxd4 g6 6. Be3 Bg7 7. Qd2 Nf6 8. f3 0-0 9. Bc4 Bd7 10. 0-0-0 Rb8 11. g4 b5 12. Be2 Ne5 13. h4 Nc4 14. Bxc4 bxc4 15. g5 Nh5 16. Nde2 Qa5 17. Bd4 Rfc8 18. Nd5 Qxa2 19. Nxe7+ Kh8 20. Bxg7+ Nxg7 21. Qc3 Re8 22. Nd5 Qa1+ 23. Kd2 Qxb2 24. Qxb2 Rxb2 1/2-1/2

[Event "GER-ch U25-A"]
[Site "Willingen"]
[Date "2019.06.10"]
[Round "3"]
[White "Gluma, Christian"]
[Black "Meiwes, Thore"]
[Result "0-1"]
[WhiteElo "1741"]
[BlackElo "1933"]
[PlyCount "92"]
[EventDate "2019.06.08"]
[EventType "swiss"]
[EventRounds "9"]
[EventCountry "GER"]
[SourceTitle "CBM 191 Extra"]
[Source "ChessBase"]
[SourceDate "2019.09.30"]
[SourceVersion "1"]
[SourceVersionDate "2019.09.30"]
[SourceQuality "1"]

1. e4 c5 2. Nf3 d6 3. d4 cxd4 4. Nxd4 Nf6 5. Nc3 g6 6. Be2 Bg7 7. Be3 0-0 8. 0-0 Nc6 9. Qd2 Ng4 10. Bxg4 Bxg4 11. f4 Nxd4 12. Bxd4 e5 13. fxe5 dxe5 14. Be3 Qxd2 15. Bxd2 Rac8 16. Be3 a6 17. a4 Rc4 18. Rf2 Be6 19. a5 Rfc8 20. Rc1 Bf8 21. Nd5 Bxd5 22. exd5 Bc5 23. Re1 Rxc2 24. Bxc5 R8xc5 25. Rxe5 Rc1+ 26. Rf1 Rxf1+ 27. Kxf1 Rxa5 28. Re7 Rxd5 29. Rxb7 Rf5+ 30. Ke2 Rb5 31. Rxb5 axb5 32. b4 Kf8 33. Kd3 Ke7 34. Ke3 Ke6 35. Ke4 h5 36. Kd4 Kd6 37. h4 f6 38. Ke4 Kc6 39. Kd4 g5 40. g3 Kd6 41. Ke4 Ke6 42. Kd4 gxh4 43. gxh4 f5 44. Ke3 Ke5 45. Kf3 f4 46. Kf2 Ke4 0-1

[Event "GER-ch U25-A"]
[Site "Willingen"]
[Date "2019.06.09"]
[Round "1"]
[White "Weber, Samuel"]
[Black "Meiwes, Thore"]
[Result "1-0"]
[WhiteElo "2160"]
[BlackElo "1933"]
[PlyCount "71"]
[EventDate "2019.06.08"]
[EventType "swiss"]
[EventRounds "9"]
[EventCountry "GER"]
[SourceTitle "CBM 191 Extra"]
[Source "ChessBase"]
[SourceDate "2019.09.30"]
[SourceVersion "1"]
[SourceVersionDate "2019.09.30"]
[SourceQuality "1"]

1. e4 c5 2. Nf3 Nc6 3. b3 d6 4. Bb2 e5 5. Bb5 Nf6 6. Bxc6+ bxc6 7. d3 Be7 8. Nbd2 0-0 9. h3 Ne8 10. Nc4 f6 11. Ne3 d5 12. Nd2 Nc7 13. Qf3 Be6 14. Nf5 Qd7 15. Nxe7+ Qxe7 16. Qe3 d4 17. Qg3 Kh8 18. 0-0 g5 19. f3 Bd7 20. Qh2 Ne6 21. g3 Rg8 22. Rf2 Rg6 23. Kf1 Rh6 24. Qh1 Ng7 25. Rh2 Qe6 26. Ke2 f5 27. exf5 Nxf5 28. Ne4 Qd5 29. Qg1 Ne3 30. Bc1 Nxc2 31. Bxg5 Nxa1 32. Bxh6 Nc2 33. Qc1 Nb4 34. Qg5 Qf7 35. Qxe5+ Kg8 36. Nf6+ 1-0

[Event "JBLN West 1819"]
[Site "Germany"]
[Date "2019.05.19"]
[Round "9.3"]
[White "Meiwes, Thore"]
[Black "Engel, Robert"]
[Result "1/2-1/2"]
[WhiteElo "1964"]
[BlackElo "2074"]
[PlyCount "148"]
[EventDate "2018.09.23"]
[EventType "team-tourn"]
[EventRounds "9"]
[EventCountry "GER"]
[SourceTitle "EXT 2020"]
[Source "ChessBase"]
[SourceDate "2019.10.17"]
[SourceVersion "1"]
[SourceVersionDate "2019.10.17"]
[SourceQuality "1"]
[WhiteTeam "Lehrte U20"]
[BlackTeam "Hamburger SK U20"]
[WhiteTeamCountry "GER"]
[BlackTeamCountry "GER"]

1. d4 Nf6 2. Bf4 d5 3. e3 c5 4. c3 Nc6 5. Nd2 e6 6. Bd3 cxd4 7. exd4 Qb6 8. Rb1 Bd7 9. Ngf3 Ne7 10. Qe2 Ng6 11. Bg3 Nh5 12. Ne5 Nhf4 13. Bxf4 Nxf4 14. Nxd7 Kxd7 15. Qf3 Nxd3+ 16. Qxd3 Qa6 17. Qxa6 bxa6 18. Nb3 Rb8 19. Kd2 Bd6 20. g3 Rb5 21. Nc1 a5 22. Nd3 h5 23. h4 Rhb8 24. f4 f6 25. Kc2 a4 26. Rhg1 Rh8 27. g4 hxg4 28. Rxg4 Bf8 29. Rh1 Ke8 30. h5 Kf7 31. b4 axb3+ 32. axb3 Ra5 33. Kb2 Ba3+ 34. Kc2 Bd6 35. Kb2 Ba3+ 36. Kc2 Bd6 37. Kb2 Rb5 38. Kc2 a5 39. Rhg1 Rh7 40. R1g2 Rb8 41. Rg1 Rbh8 42. c4 dxc4 43. bxc4 Rb8 44. c5 Bc7 45. R4g2 a4 46. f5 exf5 47. d5 Ba5 48. c6 Rd8 49. Nf4 Bc7 50. Rxg7+ Rxg7 51. Rxg7+ Kxg7 52. Ne6+ Kh7 53. Nxd8 f4 54. Nf7 f3 55. d6 Bxd6 56. Nxd6 f2 57. c7 f1Q 58. c8Q Qe2+ 59. Kc1 Qe3+ 60. Kc2 Qb3+ 61. Kd2 Qb4+ 62. Ke3 Qa3+ 63. Kf2 Qxd6 64. Qc2+ Kh8 65. Qxa4 Qc5+ 66. Kg3 Qe3+ 67. Kh2 Qe2+ 68. Kh3 Qf3+ 69. Kh4 Qf2+ 70. Kh3 Qf1+ 71. Kg3 Qg1+ 72. Kh3 Qh1+ 73. Kg3 Kg7 74. Qg4+ Kf7 1/2-1/2

[Event "JBLN West 1819"]
[Site "Germany"]
[Date "2019.02.17"]
[Round "5.3"]
[White "Meiwes, Thore"]
[Black "Karlisch, Moritz"]
[Result "0-1"]
[WhiteElo "1964"]
[BlackElo "1951"]
[PlyCount "124"]
[EventDate "2018.09.23"]
[EventType "team-tourn"]
[EventRounds "9"]
[EventCountry "GER"]
[SourceTitle "EXT 2020"]
[Source "ChessBase"]
[SourceDate "2019.10.17"]
[SourceVersion "1"]
[SourceVersionDate "2019.10.17"]
[SourceQuality "1"]
[WhiteTeam "Lehrte U20"]
[BlackTeam "Kiel Doppelbauer U20"]
[WhiteTeamCountry "GER"]
[BlackTeamCountry "GER"]

1. d4 Nf6 2. Bf4 e6 3. e3 c5 4. Nd2 Nc6 5. c3 d5 6. Ngf3 Be7 7. Bd3 Qb6 8. Qb3 c4 9. Qxb6 axb6 10. Be2 b5 11. 0-0 b4 12. cxb4 Nxb4 13. a3 Nc6 14. h3 0-0 15. Ne5 Nd7 16. Nxc6 bxc6 17. e4 Bb7 18. exd5 cxd5 19. Nf3 Rfc8 20. Rfc1 Nb8 21. Bd2 Nc6 22. Bc3 Rcb8 23. Bd1 Bc8 24. Bc2 Bd7 25. Ne5 Nxe5 26. dxe5 Bc5 27. Rd1 Rf8 28. Rd2 Bc6 29. Rad1 f6 30. Re1 f5 31. Kf1 Rfd8 32. Red1 Rd7 33. Kg1 Bb6 34. Bb4 Rb7 35. Bb1 Kf7 36. g4 g6 37. Rc1 Ba4 38. Bc2 Bxc2 39. Rdxc2 Bd4 40. Re1 Rb5 41. Rd2 Bc5 42. Bc3 Rb3 43. Rc1 Ke7 44. Kg2 Kd7 45. Rcc2 Kc6 46. Bd4 Bxd4 47. Rxd4 Kc5 48. Rdd2 Rab8 49. f3 d4 50. Kg3 d3 51. Rc1 Kd4 52. a4 Rxb2 53. Rxb2 Rxb2 54. Ra1 Ke3 55. a5 Ke2 56. a6 Rb8 57. a7 Ra8 58. gxf5 gxf5 59. Kf4 d2 60. Ra2 Ke1 61. Ke3 d1Q 62. Rh2 Qd3+ 0-1

[Event "Niedersachsen-ch op A"]
[Site "Verden"]
[Date "2019.01.05"]
[Round "5"]
[White "Kardoeus, David"]
[Black "Meiwes, Thore"]
[Result "1-0"]
[WhiteElo "2166"]
[BlackElo "1947"]
[PlyCount "89"]
[EventDate "2019.01.03"]
[EventType "swiss"]
[EventRounds "7"]
[EventCountry "GER"]
[SourceTitle "EXT 2022"]
[Source "ChessBase"]
[SourceDate "2021.10.06"]
[SourceVersion "1"]
[SourceVersionDate "2021.10.06"]
[SourceQuality "1"]

1. e4 c5 2. Nf3 d6 3. d4 cxd4 4. Nxd4 Nf6 5. Nc3 g6 6. Be3 Bg7 7. f3 0-0 8. Qd2 Nc6 9. g4 Nxd4 10. Bxd4 Be6 11. h4 Qa5 12. h5 a6 13. a3 b5 14. h6 Bh8 15. g5 Nd7 16. b4 Qc7 17. f4 Rac8 18. Bxh8 Kxh8 19. Qd4+ f6 20. Nd5 Bxd5 21. exd5 Qc3+ 22. Qxc3 Rxc3 23. Bd3 Nb6 24. Kd2 Rc7 25. a4 Nxd5 26. axb5 axb5 27. gxf6 exf6 28. Bxb5 Nxb4 29. c4 Nc6 30. Ra6 Nd4 31. Rxd6 Nxb5 32. cxb5 f5 33. b6 Rb7 34. Rc1 Rfb8 35. Rc7 Kg8 36. Rxb7 Rxb7 37. Rf6 g5 38. fxg5 f4 39. Rc6 Kf8 40. Rc8+ Ke7 41. Rc7+ Rxc7 42. bxc7 Kd7 43. g6 f3 44. c8Q+ Kxc8 45. gxh7 1-0

[Event "Hannover Bezirk-ch A"]
[Site "Hannover"]
[Date "2018.10.05"]
[Round "3.7"]
[White "Meiwes, Thore"]
[Black "Kiesel, Lucas"]
[Result "0-1"]
[WhiteElo "1994"]
[BlackElo "1948"]
[PlyCount "56"]
[EventDate "2018.10.04"]
[EventType "swiss"]
[EventRounds "7"]
[EventCountry "GER"]
[SourceTitle "EXT 2022"]
[Source "ChessBase"]
[SourceDate "2021.10.06"]
[SourceVersion "1"]
[SourceVersionDate "2021.10.06"]
[SourceQuality "1"]

1. d4 e6 2. Bf4 f5 3. Nf3 Nf6 4. e3 d5 5. c4 c6 6. Nc3 Be7 7. Bd3 0-0 8. Qc2 Na6 9. a3 b6 10. Ne5 Bb7 11. cxd5 cxd5 12. Qe2 Nc7 13. g4 Ne4 14. gxf5 exf5 15. Rg1 Ne6 16. Bxe4 dxe4 17. Qc4 Qc8 18. Qb3 Kh8 19. Nd5 Qd8 20. Nxe7 Qxe7 21. Bg3 f4 22. exf4 Nxd4 23. Qd1 Rad8 24. Qh5 Kg8 25. 0-0-0 Qc5+ 26. Kb1 Qc2+ 27. Ka2 Bd5+ 28. Ka1 Nb3+ 0-1

[Event "Hannover Bezirk-ch A"]
[Site "Hannover"]
[Date "2018.10.05"]
[Round "4.8"]
[White "Serreck, Uwe"]
[Black "Meiwes, Thore"]
[Result "1/2-1/2"]
[WhiteElo "1936"]
[BlackElo "1994"]
[PlyCount "66"]
[EventDate "2018.10.04"]
[EventType "swiss"]
[EventRounds "7"]
[EventCountry "GER"]
[SourceTitle "EXT 2022"]
[Source "ChessBase"]
[SourceDate "2021.10.06"]
[SourceVersion "1"]
[SourceVersionDate "2021.10.06"]
[SourceQuality "1"]

1. e4 c6 2. Ne2 d5 3. e5 c5 4. d4 Nc6 5. c3 Bf5 6. dxc5 e6 7. Nd4 Bxc5 8. Bb5 Bxd4 9. Bxc6+ bxc6 10. cxd4 Ne7 11. Nc3 0-0 12. 0-0 Qc7 13. Na4 Nc8 14. b3 Nb6 15. Ba3 Rfd8 16. Bd6 Rxd6 17. exd6 Qxd6 18. Rc1 Nxa4 19. bxa4 f6 20. f4 Bg6 21. Qd2 Rc8 22. Qe3 Be8 23. Rc5 Bd7 24. Rb1 Rb8 25. Rxb8+ Qxb8 26. Rc1 Qb4 27. a3 Qxa4 28. Rb1 Kf7 29. f5 e5 30. dxe5 fxe5 31. Qxe5 Qxa3 32. Rb7 Qe7 33. Qc3 Qd6 1/2-1/2

[Event "Harburg-chB 13th"]
[Site "Hamburg"]
[Date "2018.08.04"]
[Round "2"]
[White "Meiwes, Thore"]
[Black "Schlueter, Mike"]
[Result "1-0"]
[WhiteElo "1794"]
[BlackElo "1908"]
[PlyCount "83"]
[EventDate "2018.08.03"]
[EventType "tourn"]
[EventRounds "5"]
[EventCountry "GER"]
[SourceTitle "EXT 2019"]
[Source "ChessBase"]
[SourceDate "2018.10.10"]
[SourceVersion "1"]
[SourceVersionDate "2018.10.10"]
[SourceQuality "1"]

1. d4 g6 2. e4 c6 3. c4 Bg7 4. Nf3 d6 5. g3 Bg4 6. Bg2 Nd7 7. 0-0 e5 8. d5 c5 9. h3 Bxf3 10. Qxf3 Ne7 11. Nc3 0-0 12. Qe2 h6 13. a3 a6 14. f4 f5 15. Kh2 Kh7 16. Rb1 Rb8 17. Bd2 exf4 18. gxf4 fxe4 19. Bxe4 Nf5 20. Rg1 Nf6 21. Bxf5 gxf5 22. Qg2 Ne8 23. Rbe1 Qd7 24. Nd1 Qf7 25. Re6 Nf6 26. Bc3 Rg8 27. Qe2 Rbe8 28. Bxf6 Bxf6 29. Rxg8 Rxe6 30. Qxe6 Qxe6 31. dxe6 Kxg8 32. Ne3 b5 33. b3 Bb2 34. Nxf5 bxc4 35. Nxd6 Kf8 36. Nxc4 Bc1 37. Kg3 Ke7 38. f5 Kf6 39. Kg4 Ke7 40. Kf3 Kf6 41. Ke4 Bg5 42. Nb6 1-0